00595nam a22001457a 4500040000900000082001200009100006000021110005100081245011700132260004300249650002400292942001200316999001900328952010200347 cNUST a220 PRO aNC Abshar Hassan NC Aleena Khan NC Mehre Taban 9103586 aProject Supervisor Dr. Qasim Umar Khan9103587 aPR-SOF-2203-Design of A Pattern Diversified Microstrip Patch Antenna For Sub-6 GHZ 5G Communication Applications aIslamabad:bNUST College of EME,c2022 aDE-ELECT-409103514 2ddccPR c592488d592488 00102ddc4070aCEMEbCEMEcREFd2022-11-25l0o220 PROpPR-SOF-2203r2022-11-25w2022-11-25yPR